| 000 | 01872nam a22003017a 4500 | ||
|---|---|---|---|
| 003 | PE SENCICO BE | ||
| 005 | 20251020182626.0 | ||
| 008 | 230203b |||||||| |||| 00| 0 eng d | ||
| 020 | _a978-84-92650-39-2 | ||
| 040 |
_aPE SENCICO BE _cPE SENCICO BE |
||
| 041 | _aspa | ||
| 082 |
_a690.22 _bH39 |
||
| 100 | 1 |
_9580 _aHenao Robledo, Fernando _eautor |
|
| 245 | 1 |
_aRiesgos en la construcción / _cFernando Henao Robledo |
|
| 250 | _a[1a ed.] | ||
| 260 |
_aBogotá : _bStarbook, _c2010 |
||
| 300 |
_a304 p. : _bil., diagrs. ; _c24 cm. |
||
| 504 | _aBibliografía: p. [303]-304. | ||
| 505 | 0 | _aPolíticas de salud ocupacional -- Gestión para un trabajo seguro en la construcción -- Otros servicios -- Gasolina y lubricantes -- Manejo y almacenamiento -- Equipos de extintores de incendio -- Herramienta de mano -- Herramientas mecánicas -- Normas generales de seguridad -- Trabajos en altura -- Procedimiento para realizar trabajos en espacios confinados -- Radiaciones ultravioletas -- Elementos de señalización -- Construcción de pozos, cubos y cajas montacargas -- Construcción de carreteras -- Palas y grúas -- Planificación del trabajo para proporcionar seguridad -- Fases o etapas de la construcción -- Medidas de seguridad -- Seguridad en los talleres de reparación de automóviles. | |
| 520 | 3 | _aRecopila toda la información, tanto de legislación, prevención de riesgos del sector, contratación, protección, clasificación y manipulación de materiales, etc., que será una valiosa herramienta para todas aquellas personas interesadas en el tema. | |
| 650 | 1 | 4 |
_9177 _aConstrucción |
| 650 | 2 | 4 |
_9348 _aAccidentes de trabajo |
| 650 | 2 | 4 |
_996 _aSeguridad industrial |
| 650 | 2 | 4 |
_9147 _aTrabajadores de la construcción |
| 650 | 2 | 4 |
_9581 _aSalud ocupacional |
| 910 |
_bhfp _chfp |
||
| 942 |
_2ddc _cLIB _h690.22 _iH39 |
||
| 999 |
_c3812 _d3812 |
||